Proceedings of the Second Symposium on the Geology of Rocky Mountain Coal, 1977 /

Bibliographic Details
Corporate Authors: Symposium on the Geology of Rocky Mountain Coal Colorado School of Mines, Colorado Geological Survey, Geological Survey (U.S.)
Other Authors: Hodgson, Helen E.
Format: Conference Proceeding Book
Language:English
Published: Denver : Colorado Geological Survey, Dept. of Natural Resources, State of Colorado, 1978.
Series:Resource series (Colorado Geological Survey) ; 4.
Subjects:

MARC

Tag First Indicator Second Indicator Subfields
LEADER 00000cam a2200000 i 4500
001 in00000706321
005 20151016051452.0
008 790815s1978 coua b 10010 eng
010 |a  78623149  
020 |c $5.00 
035 |a (OCoLC)05354167 
035 |9 ADB1667AM 
040 |a DLC  |c DLC  |d TXA  |d UtOrBLW 
043 |a nr----- 
049 |a TXAM  |c [1497786] 
050 0 0 |a TN805.A5  |b S96 1977 
082 0 |a 553/.24/0978 
111 2 |a Symposium on the Geology of Rocky Mountain Coal  |n (2d :  |d 1977 :  |c Colorado School of Mines) 
245 1 0 |a Proceedings of the Second Symposium on the Geology of Rocky Mountain Coal, 1977 /  |c sponsored by Colorado Geological Survey and U.S. Geological Survey ; Helen E. Hodgson, editor. 
264 1 |a Denver :  |b Colorado Geological Survey, Dept. of Natural Resources, State of Colorado,  |c 1978. 
300 |a viii, 219 pages :  |b illustrations ;  |c 28 cm. 
336 |a text  |b txt  |2 rdacontent 
337 |a unmediated  |b n  |2 rdamedia 
338 |a volume  |b nc  |2 rdacarrier 
490 1 |a Resource series - Colorado Geological Survey ; 4 
504 |a Includes bibliographies. 
650 0 |a Coal  |x Geology  |z Rocky Mountains Region  |x Congresses. 
700 1 |a Hodgson, Helen E. 
710 2 |a Colorado Geological Survey. 
710 2 |a Geological Survey (U.S.) 
830 0 |a Resource series (Colorado Geological Survey) ;  |v 4. 
999 |a MARS 
999 f f |s 5fd6e4cb-a291-308d-be8e-4904cec30ff9  |i 94ce818d-87f3-3f4f-9056-c1481db3c259  |t 0 
952 f f |p ric  |a Texas A&M University  |b Rellis Campus  |c Joint Library Facility  |d Remote Storage  |t 0  |e TN805.A5 S96 1977  |h Library of Congress classification  |i unmediated -- volume  |m A14805584242 
998 f f |a TN805.A5 S96 1977  |t 0  |l Remote Storage